[Event "Turniej Blitza na II Lidze Juniorów 2018"]
[Site "Szczyrk, Poland"]
[Date "2018.07.26"]
[Round "2.57"]
[White "Bienko, Jagoda"]
[Black "Sidorczuk, Pawel"]
[Result "1/2-1/2"]
[TimeControl "3'+2\""]
[WhiteElo "1326"]
[BlackElo "1120"]

1. d4 {[%clk 00:03:02]} {[%emt 00:01:42]} Nf6 {[%clk 00:03:02]} {[%emt
00:00:01]} 2. c4 {[%clk 00:03:02]} c5 {[%clk 00:03:02]} {[%emt 00:00:01]} 3. d5
{[%clk 00:03:02]} b5 {[%clk 00:03:02]} 4. b3 {[%clk 00:03:02]} {[%emt
00:00:01]} b4 {[%clk 00:03:02]} {[%emt 00:00:06]} 5. Bg5 {[%clk 00:03:02]}
{[%emt 00:00:02]} d6 {[%clk 00:03:02]} {[%emt 00:00:05]} 6. Nf3 {[%clk
00:02:56]} {[%emt 00:00:58]} g6 {[%clk 00:03:03]} {[%emt 00:00:01]} 7. Bc1
{[%clk 00:02:50]} {[%emt 00:00:07]} Bg7 {[%clk 00:03:04]} {[%emt 00:00:02]} 8.
Bb2 {[%clk 00:02:51]} Bg4 {[%clk 00:03:01]} {[%emt 00:00:05]} 9. e3 {[%clk
00:02:51]} {[%emt 00:00:02]} O-O {[%clk 00:02:55]} {[%emt 00:00:09]} 10. Be2
{[%clk 00:02:49]} {[%emt 00:00:04]} a5 {[%clk 00:02:52]} {[%emt 00:00:06]} 11.
O-O {[%clk 00:02:47]} {[%emt 00:00:03]} Nbd7 {[%clk 00:02:48]} {[%emt
00:00:06]} 12. Nbd2 {[%clk 00:02:43]} {[%emt 00:00:05]} Nb6 {[%clk 00:02:48]}
{[%emt 00:00:03]} 13. Rc1 {[%clk 00:02:39]} {[%emt 00:00:06]} a4 {[%clk
00:02:48]} {[%emt 00:00:02]} 14. e4 {[%clk 00:02:21]} {[%emt 00:00:19]} Nfd7
{[%clk 00:02:14]} {[%emt 00:00:36]} 15. Bxg7 {[%clk 00:02:11]} {[%emt
00:00:12]} Kxg7 {[%clk 00:02:15]} {[%emt 00:00:02]} 16. h3 {[%clk 00:02:00]}
{[%emt 00:00:12]} Bxf3 {[%emt 00:00:16]} 17. Bxf3 {[%clk 00:01:38]} {[%emt
00:00:14]} axb3 {[%clk 00:01:49]} {[%emt 00:00:25]} 18. axb3 {[%clk 00:01:35]}
{[%emt 00:00:06]} Qc7 {[%clk 00:01:48]} {[%emt 00:00:02]} 19. Qc2 {[%clk
00:01:30]} {[%emt 00:00:06]} Ra3 {[%clk 00:01:39]} {[%emt 00:00:12]} 20. Ra1
{[%clk 00:01:18]} {[%emt 00:00:14]} Rfa8 {[%clk 00:01:39]} {[%emt 00:00:01]} 21.
Qb2+ {[%clk 00:01:17]} {[%emt 00:00:03]} Kg8 {[%clk 00:01:38]} {[%emt
00:00:03]} 22. Be2 {[%clk 00:01:10]} {[%emt 00:00:09]} R8a7 {[%clk 00:01:18]}
{[%emt 00:00:24]} 23. f4 {[%clk 00:01:02]} {[%emt 00:00:09]} e6 {[%clk
00:00:42]} {[%emt 00:00:38]} 24. Bd3 {[%clk 00:00:57]} {[%emt 00:00:07]} exd5
{[%clk 00:00:36]} {[%emt 00:00:08]} 25. exd5 {[%clk 00:00:57]} {[%emt
00:00:02]} Qd8 {[%clk 00:00:30]} {[%emt 00:00:08]} 26. Rxa3 {[%clk 00:00:52]}
{[%emt 00:00:06]} Rxa3 {[%clk 00:00:31]} 27. Re1 {[%clk 00:00:51]} {[%emt
00:00:03]} Nf6 {[%clk 00:00:20]} {[%emt 00:00:13]} 28. Ne4 {[%clk 00:00:41]}
{[%emt 00:00:13]} Nxe4 {[%clk 00:00:18]} {[%emt 00:00:04]} 29. Rxe4 {[%clk
00:00:41]} {[%emt 00:00:01]} Nd7 {[%clk 00:00:17]} {[%emt 00:00:04]} 30. Re3
{[%clk 00:00:23]} {[%emt 00:00:20]} Qf6 {[%clk 00:00:18]} 31. Qxf6 {[%clk
00:00:19]} {[%emt 00:00:06]} Nxf6 {[%clk 00:00:19]} 32. Bc2 {[%clk 00:00:21]}
{[%emt 00:00:01]} Ra1+ {[%clk 00:00:18]} {[%emt 00:00:02]} 33. Kh2 {[%clk
00:00:21]} {[%emt 00:00:02]} Rc1 {[%clk 00:00:17]} {[%emt 00:00:03]} 34. Re2
{[%clk 00:00:18]} {[%emt 00:00:05]} Kg7 {[%clk 00:00:14]} {[%emt 00:00:04]} 35.
Bd3 {[%clk 00:00:13]} {[%emt 00:00:07]} Rc3 {[%clk 00:00:14]} {[%emt 00:00:02]}
36. Bc2 {[%clk 00:00:15]} h6 {[%clk 00:00:12]} {[%emt 00:00:04]} 37. Rd2 {[%clk
00:00:12]} {[%emt 00:00:05]} Nd7 {[%clk 00:00:13]} 38. Re2 {[%clk 00:00:11]}
{[%emt 00:00:02]} Nf6 {[%clk 00:00:13]} {[%emt 00:00:02]} 39. Rd2 {[%clk
00:00:12]} {[%emt 00:00:02]} g5 {[%clk 00:00:13]} {[%emt 00:00:01]} 40. fxg5
{[%clk 00:00:11]} {[%emt 00:00:03]} hxg5 {[%clk 00:00:15]} 41. Re2 {[%clk
00:00:11]} {[%emt 00:00:02]} Nh5 {[%clk 00:00:15]} {[%emt 00:00:02]} 42. Bd1
{[%clk 00:00:05]} {[%emt 00:00:07]} Nf4 {[%clk 00:00:15]} {[%emt 00:00:03]} 43.
Rf2 {[%clk 00:00:05]} {[%emt 00:00:02]} f6 {[%clk 00:00:11]} {[%emt 00:00:06]}
44. Rf3 {[%clk 00:00:03]} {[%emt 00:00:03]} Rc1 {[%clk 00:00:10]} {[%emt
00:00:04]} 45. Rf1 {[%clk 00:00:04]} Rb1 {[%clk 00:00:05]} {[%emt 00:00:08]} 46.
Kg1 {[%clk 00:00:04]} Nd3 {[%clk 00:00:03]} {[%emt 00:00:05]} 47. Bc2 {[%clk
00:00:04]} Rxf1+ 48. Kxf1 {[%clk 00:00:05]} Nc1 {[%clk 00:00:04]} {[%emt
00:00:01]} 49. Ke1 {[%clk 00:00:06]} Na2 {[%clk 00:00:04]} {[%emt 00:00:03]} 50.
Kd2 {[%clk 00:00:05]} {[%emt 00:00:02]} Nc3 {[%clk 00:00:05]} 51. Bf5 {[%clk
00:00:03]} {[%emt 00:00:04]} Kf7 {[%clk 00:00:04]} {[%emt 00:00:04]} 52. g4
{[%clk 00:00:03]} {[%emt 00:00:01]} Kg7 {[%clk 00:00:05]} {[%emt 00:00:02]} 53.
Bd3 {[%clk 00:00:04]} {[%emt 00:00:01]} Kf7 {[%clk 00:00:03]} {[%emt 00:00:04]}
54. Bf5 {[%clk 00:00:04]} {[%emt 00:00:01]} 1/2-1/2

[Event "Turniej Blitza na II Lidze Juniorów 2018"]
[Site "Szczyrk, Poland"]
[Date "2018.07.26"]
[Round "2.18"]
[White "Tadych, Szymon"]
[Black "Dytman, Radoslaw"]
[Result "0-1"]
[TimeControl "3'+2\""]
[WhiteElo "1437"]
[BlackElo "1841"]

1. d4 {[%clk 00:03:02]} {[%emt 00:02:02]} Nf6 {[%clk 00:03:03]} {[%emt
00:00:02]} 2. c4 {[%clk 00:03:03]} {[%emt 00:00:01]} g6 {[%clk 00:03:02]}
{[%emt 00:00:02]} 3. Nc3 {[%clk 00:03:03]} Bg7 {[%clk 00:03:05]} {[%emt
00:00:01]} 4. Nf3 {[%clk 00:03:05]} d6 {[%clk 00:03:05]} {[%emt 00:00:02]} 5.
Bf4 {[%clk 00:03:02]} {[%emt 00:00:04]} Nbd7 {[%clk 00:03:05]} {[%emt
00:00:02]} 6. e3 {[%clk 00:03:03]} {[%emt 00:00:01]} O-O {[%clk 00:03:05]}
{[%emt 00:00:02]} 7. Be2 {[%clk 00:03:01]} {[%emt 00:00:04]} b6 {[%clk
00:03:04]} {[%emt 00:00:03]} 8. O-O {[%clk 00:03:00]} {[%emt 00:00:03]} Bb7
{[%clk 00:03:05]} 9. Re1 {[%clk 00:02:56]} {[%emt 00:00:07]} Re8 {[%clk
00:03:04]} {[%emt 00:00:03]} 10. a3 {[%clk 00:02:56]} {[%emt 00:00:02]} e5
{[%clk 00:02:53]} {[%emt 00:00:12]} 11. dxe5 {[%clk 00:02:52]} {[%emt
00:00:06]} dxe5 {[%clk 00:02:41]} {[%emt 00:00:15]} 12. Bg3 {[%clk 00:02:50]}
{[%emt 00:00:03]} Nh5 {[%clk 00:02:33]} {[%emt 00:00:10]} 13. Rc1 {[%clk
00:02:37]} {[%emt 00:00:15]} Nxg3 14. hxg3 {[%clk 00:02:37]} e4 {[%clk
00:01:57]} {[%emt 00:00:38]} 15. Nd4 {[%clk 00:02:30]} {[%emt 00:00:09]} Ne5
{[%clk 00:01:16]} {[%emt 00:00:44]} 16. Nb3 {[%clk 00:01:37]} {[%emt 00:00:54]}
Nd3 {[%clk 00:01:07]} {[%emt 00:00:11]} 17. Bxd3 {[%clk 00:01:37]} {[%emt
00:00:02]} exd3 {[%clk 00:01:08]} {[%emt 00:00:01]} 18. Nd2 {[%clk 00:01:27]}
{[%emt 00:00:12]} Qe7 {[%clk 00:00:49]} {[%emt 00:00:21]} 19. Nf3 {[%clk
00:01:12]} {[%emt 00:00:17]} Rad8 {[%clk 00:00:47]} {[%emt 00:00:03]} 20. Qd2
{[%clk 00:01:13]} {[%emt 00:00:01]} Qe6 {[%clk 00:00:36]} {[%emt 00:00:14]} 21.
Kh2 {[%clk 00:00:45]} {[%emt 00:00:30]} Qxc4 {[%clk 00:00:25]} {[%emt
00:00:13]} 22. Ne2 {[%clk 00:00:46]} {[%emt 00:00:01]} Qg4 {[%clk 00:00:18]}
{[%emt 00:00:09]} 23. Ned4 {[%clk 00:00:36]} {[%emt 00:00:11]} Bxd4 {[%clk
00:00:08]} {[%emt 00:00:12]} 24. Nxd4 {[%clk 00:00:34]} {[%emt 00:00:04]} Qh5+
{[%clk 00:00:08]} {[%emt 00:00:03]} 25. Kg1 {[%clk 00:00:34]} {[%emt 00:00:02]}
Qd5 {[%clk 00:00:09]} 26. Nf3 {[%clk 00:00:34]} {[%emt 00:00:02]} c5 {[%clk
00:00:09]} {[%emt 00:00:02]} 27. Rc3 {[%clk 00:00:33]} {[%emt 00:00:03]} c4
{[%clk 00:00:09]} {[%emt 00:00:02]} 28. Rec1 {[%clk 00:00:33]} {[%emt
00:00:02]} b5 {[%clk 00:00:10]} {[%emt 00:00:01]} 29. a4 {[%clk 00:00:34]} a6
{[%clk 00:00:11]} {[%emt 00:00:01]} 30. axb5 {[%clk 00:00:34]} {[%emt
00:00:02]} axb5 {[%clk 00:00:12]} {[%emt 00:00:01]} 31. Re1 {[%clk 00:00:35]}
Re4 {[%clk 00:00:11]} {[%emt 00:00:02]} 32. Kf1 {[%clk 00:00:34]} {[%emt
00:00:04]} h6 {[%clk 00:00:12]} {[%emt 00:00:01]} 33. Kg1 {[%clk 00:00:35]} f5
{[%clk 00:00:13]} 34. Kf1 {[%clk 00:00:36]} Qe6 {[%clk 00:00:12]} {[%emt
00:00:04]} 35. Kg1 {[%clk 00:00:38]} {[%emt 00:00:01]} Qe7 {[%clk 00:00:13]} 36.
Kf1 {[%clk 00:00:39]} Kg7 {[%clk 00:00:14]} {[%emt 00:00:02]} 37. Kg1 {[%clk
00:00:40]} g5 {[%clk 00:00:13]} {[%emt 00:00:03]} 38. Nd4 {[%clk 00:00:40]}
{[%emt 00:00:02]} Rdxd4 {[%clk 00:00:12]} {[%emt 00:00:03]} 39. exd4 {[%clk
00:00:37]} {[%emt 00:00:05]} Rxe1+ {[%clk 00:00:13]} {[%emt 00:00:02]} 40. Kh2
{[%clk 00:00:38]} {[%emt 00:00:01]} Qe2 {[%clk 00:00:12]} {[%emt 00:00:02]} 41.
Qxe2 {[%clk 00:00:26]} {[%emt 00:00:15]} Rxe2 {[%clk 00:00:12]} {[%emt
00:00:01]} 42. b3 {[%clk 00:00:26]} {[%emt 00:00:02]} d2 {[%clk 00:00:12]}
{[%emt 00:00:02]} 43. bxc4 {[%clk 00:00:25]} {[%emt 00:00:03]} d1=Q {[%clk
00:00:10]} {[%emt 00:00:03]} 44. d5 {[%clk 00:00:26]} {[%emt 00:00:02]} Bxd5
{[%clk 00:00:11]} {[%emt 00:00:02]} 45. cxd5 {[%clk 00:00:26]} {[%emt
00:00:01]} Qxd5 {[%clk 00:00:11]} {[%emt 00:00:01]} 46. Rf3 {[%clk 00:00:27]}
{[%emt 00:00:01]} f4 {[%clk 00:00:08]} {[%emt 00:00:06]} 47. gxf4 {[%clk
00:00:28]} gxf4 {[%clk 00:00:09]} 48. Kh3 {[%clk 00:00:30]} Qh5# {[%clk
00:03:02]} {[%emt 00:00:04]} 0-1

[Event "Turniej Blitza na II Lidze Juniorów 2018"]
[Site "Szczyrk, Poland"]
[Date "2018.07.26"]
[Round "2.51"]
[White "Jaszczuk, Mateusz"]
[Black "Pieczewska, Gabriela"]
[Result "1-0"]
[TimeControl "3'+2\""]
[WhiteElo "1351"]
[BlackElo "1158"]

1. e4 {[%clk 00:03:03]} {[%emt 00:00:01]} e6 {[%clk 00:03:04]} {[%emt
00:00:01]} 2. d4 {[%clk 00:03:03]} {[%emt 00:00:01]} d5 {[%clk 00:03:05]}
{[%emt 00:00:01]} 3. exd5 {[%clk 00:03:04]} {[%emt 00:00:01]} exd5 {[%clk
00:03:06]} 4. c4 {[%clk 00:03:05]} Nf6 {[%clk 00:03:07]} {[%emt 00:00:01]} 5.
Nc3 {[%clk 00:03:06]} {[%emt 00:00:02]} c5 {[%clk 00:03:07]} {[%emt 00:00:02]}
6. dxc5 {[%clk 00:02:48]} {[%emt 00:00:19]} d4 {[%clk 00:03:01]} {[%emt
00:00:08]} 7. Nb5 {[%clk 00:02:36]} {[%emt 00:00:14]} Bxc5 {[%clk 00:03:00]}
{[%emt 00:00:04]} 8. Bf4 {[%clk 00:02:36]} {[%emt 00:00:01]} Nc6 {[%clk
00:03:00]} {[%emt 00:00:03]} 9. Nc7+ {[%clk 00:02:36]} Kd7 {[%clk 00:02:46]}
{[%emt 00:00:16]} 10. Nxa8 {[%clk 00:02:36]} {[%emt 00:00:03]} Re8+ {[%clk
00:02:46]} {[%emt 00:00:01]} 11. Be2 {[%clk 00:02:34]} {[%emt 00:00:03]} Ke7
{[%clk 00:02:37]} {[%emt 00:00:12]} 12. Nf3 {[%clk 00:02:31]} {[%emt 00:00:06]}
Kf8 {[%clk 00:02:34]} {[%emt 00:00:05]} 13. O-O {[%clk 00:02:25]} {[%emt
00:00:07]} Bg4 {[%clk 00:02:29]} {[%emt 00:00:07]} 14. Nc7 {[%clk 00:02:25]}
{[%emt 00:00:02]} Re4 {[%clk 00:02:17]} {[%emt 00:00:14]} 15. Bg3 {[%clk
00:02:21]} {[%emt 00:00:06]} Nh5 {[%clk 00:02:08]} {[%emt 00:00:10]} 16. Nd5
{[%clk 00:02:15]} {[%emt 00:00:09]} Qe8 {[%clk 00:01:53]} {[%emt 00:00:18]} 17.
Bd3 {[%clk 00:02:15]} {[%emt 00:00:02]} Re6 {[%clk 00:01:43]} {[%emt 00:00:12]}
18. Nc7 {[%clk 00:02:15]} {[%emt 00:00:01]} Bxf3 {[%clk 00:01:29]} {[%emt
00:00:16]} 19. Qxf3 {[%clk 00:02:16]} Qe7 {[%clk 00:01:24]} {[%emt 00:00:07]}
20. Nxe6+ {[%clk 00:02:15]} {[%emt 00:00:03]} Qxe6 {[%clk 00:01:25]} {[%emt
00:00:01]} 21. Rfe1 {[%clk 00:02:15]} {[%emt 00:00:02]} Qd7 {[%clk 00:01:15]}
{[%emt 00:00:12]} 22. Qd5 {[%clk 00:02:16]} {[%emt 00:00:01]} Qxd5 {[%clk
00:01:13]} {[%emt 00:00:05]} 23. cxd5 {[%clk 00:02:17]} Bb4 {[%clk 00:01:13]}
{[%emt 00:00:02]} 24. Re2 {[%clk 00:02:16]} {[%emt 00:00:02]} Ne7 {[%clk
00:01:12]} {[%emt 00:00:04]} 25. d6 {[%clk 00:02:16]} {[%emt 00:00:01]} Nxg3
{[%clk 00:01:10]} {[%emt 00:00:04]} 26. dxe7+ {[%clk 00:02:17]} Ke8 {[%clk
00:01:10]} {[%emt 00:00:03]} 27. hxg3 {[%clk 00:02:16]} {[%emt 00:00:02]} Bxe7
{[%clk 00:01:10]} {[%emt 00:00:02]} 28. Rae1 {[%clk 00:02:17]} Kf8 {[%clk
00:01:10]} {[%emt 00:00:02]} 29. Rxe7 {[%clk 00:02:17]} {[%emt 00:00:02]} b6
{[%clk 00:01:11]} {[%emt 00:00:01]} 30. Re8# {[%emt 00:00:02]} 1-0

[Event "Turniej Blitza na II Lidze Juniorów 2018"]
[Site "Szczyrk, Poland"]
[Date "2018.07.26"]
[Round "2.46"]
[White "Krzywnicka, Maria"]
[Black "Sulima, Franciszek"]
[Result "1/2-1/2"]
[TimeControl "3'+2\""]
[WhiteElo "1573"]
[BlackElo "1176"]

1. e4 {[%clk 00:03:02]} {[%emt 00:00:02]} c5 {[%clk 00:03:03]} {[%emt
00:00:01]} 2. Nc3 {[%clk 00:03:03]} {[%emt 00:00:02]} e6 {[%clk 00:03:04]}
{[%emt 00:00:01]} 3. g3 {[%clk 00:03:04]} d5 {[%clk 00:03:03]} {[%emt
00:00:03]} 4. exd5 {[%clk 00:03:04]} {[%emt 00:00:02]} exd5 {[%clk 00:03:04]}
{[%emt 00:00:01]} 5. Bg2 {[%clk 00:03:05]} Nf6 {[%clk 00:03:03]} {[%emt
00:00:02]} 6. d4 {[%clk 00:02:52]} {[%emt 00:00:16]} Be6 {[%clk 00:02:56]}
{[%emt 00:00:08]} 7. Nge2 {[%clk 00:02:46]} {[%emt 00:00:09]} Nc6 {[%clk
00:02:46]} {[%emt 00:00:12]} 8. O-O {[%clk 00:02:30]} {[%emt 00:00:19]} h6
{[%clk 00:02:32]} {[%emt 00:00:16]} 9. Re1 {[%clk 00:02:13]} {[%emt 00:00:18]}
cxd4 {[%clk 00:02:18]} {[%emt 00:00:15]} 10. Nxd4 {[%clk 00:02:12]} {[%emt
00:00:03]} Nxd4 {[%clk 00:02:19]} 11. Qxd4 {[%clk 00:02:12]} {[%emt 00:00:02]}
Be7 {[%clk 00:02:17]} {[%emt 00:00:04]} 12. Bf4 {[%clk 00:01:58]} {[%emt
00:00:17]} O-O {[%clk 00:02:08]} {[%emt 00:00:11]} 13. Rad1 {[%clk 00:01:58]}
{[%emt 00:00:02]} Qa5 {[%clk 00:01:04]} {[%emt 00:01:06]} 14. Nxd5 {[%clk
00:01:20]} {[%emt 00:00:41]} Nxd5 {[%clk 00:01:04]} {[%emt 00:00:01]} 15. Bxd5
{[%clk 00:01:20]} {[%emt 00:00:02]} Bf6 {[%clk 00:00:54]} {[%emt 00:00:11]} 16.
Be5 {[%clk 00:01:11]} {[%emt 00:00:12]} Bxe5 {[%clk 00:00:54]} {[%emt
00:00:02]} 17. Qxe5 {[%clk 00:01:12]} {[%emt 00:00:01]} Rfe8 {[%clk 00:00:39]}
{[%emt 00:00:17]} 18. Bxe6 {[%clk 00:01:11]} {[%emt 00:00:03]} Qxe5 {[%clk
00:00:37]} {[%emt 00:00:04]} 19. Rxe5 {[%clk 00:01:11]} Rxe6 {[%clk 00:00:33]}
{[%emt 00:00:06]} 20. Rxe6 {[%clk 00:01:12]} {[%emt 00:00:01]} fxe6 {[%clk
00:00:35]} 21. Rd7 {[%clk 00:01:13]} Rc8 {[%clk 00:00:34]} {[%emt 00:00:03]} 22.
c3 {[%clk 00:01:12]} {[%emt 00:00:04]} Rb8 {[%clk 00:00:31]} {[%emt 00:00:03]}
23. Kg2 {[%clk 00:01:13]} {[%emt 00:00:02]} Kf8 {[%clk 00:00:31]} {[%emt
00:00:03]} 24. Kf3 {[%clk 00:01:14]} a6 {[%clk 00:00:31]} {[%emt 00:00:01]} 25.
Ke4 {[%clk 00:01:13]} {[%emt 00:00:02]} b5 {[%clk 00:00:29]} {[%emt 00:00:04]}
26. Ke5 {[%clk 00:01:15]} Rb6 {[%clk 00:00:29]} {[%emt 00:00:03]} 27. f4 {[%clk
00:01:06]} {[%emt 00:00:11]} b4 {[%clk 00:00:29]} {[%emt 00:00:01]} 28. c4
{[%clk 00:01:06]} {[%emt 00:00:02]} b3 {[%clk 00:00:28]} {[%emt 00:00:03]} 29.
axb3 {[%clk 00:01:06]} {[%emt 00:00:03]} Rxb3 {[%emt 00:00:03]} 30. Kxe6 {[%clk
00:01:06]} {[%emt 00:00:01]} Re3+ {[%clk 00:00:27]} {[%emt 00:00:02]} 31. Kf5
{[%clk 00:01:07]} {[%emt 00:00:02]} Re2 {[%clk 00:00:25]} {[%emt 00:00:03]} 32.
Ra7 {[%clk 00:00:59]} {[%emt 00:00:09]} Rxb2 {[%clk 00:00:25]} {[%emt
00:00:03]} 33. Rxa6 {[%clk 00:00:59]} {[%emt 00:00:02]} Rc2 {[%clk 00:00:25]}
{[%emt 00:00:02]} 34. Rc6 {[%clk 00:00:57]} {[%emt 00:00:04]} Rxh2 {[%clk
00:00:24]} {[%emt 00:00:03]} 35. Kg6 {[%clk 00:00:52]} {[%emt 00:00:07]} Rg2
{[%clk 00:00:22]} {[%emt 00:00:03]} 36. Rc8+ {[%clk 00:00:53]} {[%emt
00:00:01]} Ke7 {[%clk 00:00:24]} {[%emt 00:00:01]} 37. Kxg7 {[%clk 00:00:54]}
{[%emt 00:00:01]} Rxg3 {[%clk 00:00:25]} {[%emt 00:00:01]} 38. Kxh6 {[%clk
00:00:55]} {[%emt 00:00:02]} Kf6 {[%clk 00:00:24]} {[%emt 00:00:02]} 39. Rc6+
{[%clk 00:00:56]} {[%emt 00:00:02]} Kf5 {[%clk 00:00:24]} 40. Rc5+ {[%clk
00:00:55]} {[%emt 00:00:03]} Kxf4 {[%clk 00:00:24]} {[%emt 00:00:02]} 1/2-1/2

[Event "Turniej Blitza na II Lidze Juniorów 2018"]
[Site "Szczyrk, Poland"]
[Date "2018.07.26"]
[Round "2.59"]
[White "Szopa, Emilia"]
[Black "Klim, Juliusz"]
[Result "0-1"]
[TimeControl "3'+2\""]
[WhiteElo "1323"]
[BlackElo "1110"]

1. e4 {[%clk 00:03:01]} {[%emt 00:00:02]} e5 {[%clk 00:03:03]} {[%emt
00:00:02]} 2. Nf3 {[%clk 00:03:02]} Nc6 {[%clk 00:03:03]} {[%emt 00:00:02]} 3.
Bc4 {[%clk 00:02:40]} {[%emt 00:00:24]} Nf6 {[%clk 00:03:02]} {[%emt 00:00:03]}
4. d3 {[%clk 00:02:41]} h6 {[%clk 00:03:00]} {[%emt 00:00:05]} 5. Bb3 {[%clk
00:02:39]} {[%emt 00:00:03]} Bc5 {[%clk 00:02:57]} {[%emt 00:00:05]} 6. c3
{[%clk 00:02:39]} {[%emt 00:00:02]} d6 {[%clk 00:02:57]} {[%emt 00:00:02]} 7.
O-O {[%clk 00:02:37]} {[%emt 00:00:04]} O-O {[%clk 00:02:57]} {[%emt 00:00:02]}
8. Nbd2 {[%clk 00:02:37]} {[%emt 00:00:02]} Be6 {[%clk 00:02:50]} {[%emt
00:00:09]} 9. Bc2 {[%clk 00:02:37]} {[%emt 00:00:02]} Re8 {[%clk 00:02:37]}
{[%emt 00:00:15]} 10. Re1 {[%clk 00:02:35]} {[%emt 00:00:04]} d5 {[%clk
00:02:32]} {[%emt 00:00:06]} 11. exd5 {[%clk 00:02:34]} {[%emt 00:00:03]} Bxd5
{[%clk 00:02:33]} {[%emt 00:00:01]} 12. h3 {[%clk 00:02:21]} {[%emt 00:00:15]}
Qe7 {[%clk 00:02:29]} {[%emt 00:00:07]} 13. Nf1 {[%clk 00:02:21]} {[%emt
00:00:02]} e4 {[%clk 00:02:27]} {[%emt 00:00:04]} 14. N3d2 {[%clk 00:02:05]}
{[%emt 00:00:18]} Rad8 {[%clk 00:02:05]} {[%emt 00:00:23]} 15. Ng3 {[%clk
00:01:57]} {[%emt 00:00:10]} e3 {[%clk 00:01:48]} {[%emt 00:00:20]} 16. fxe3
{[%clk 00:01:31]} {[%emt 00:00:28]} Bxe3+ {[%clk 00:01:48]} {[%emt 00:00:02]}
17. Kh1 {[%clk 00:01:26]} {[%emt 00:00:06]} Qe6 {[%clk 00:01:45]} {[%emt
00:00:06]} 18. Kh2 {[%clk 00:01:11]} {[%emt 00:00:16]} Qd6 {[%clk 00:01:29]}
{[%emt 00:00:19]} 19. Nf3 {[%clk 00:01:00]} {[%emt 00:00:12]} Bf2 {[%clk
00:01:25]} {[%emt 00:00:06]} 20. Rxe8+ {[%clk 00:00:47]} {[%emt 00:00:16]} Rxe8
{[%clk 00:01:24]} {[%emt 00:00:02]} 21. Bd2 {[%clk 00:00:14]} {[%emt 00:00:35]}
Qxg3+ {[%clk 00:01:19]} {[%emt 00:00:07]} 22. Kh1 {[%clk 00:00:16]} {[%emt
00:00:01]} Ne5 {[%clk 00:01:03]} {[%emt 00:00:18]} 0-1

[Event "Turniej Blitza na II Lidze Juniorów 2018"]
[Site "Szczyrk, Poland"]
[Date "2018.07.26"]
[Round "2.29"]
[White "Krawczyk, Flawian"]
[Black "Babiarz, Arkadiusz"]
[Result "0-1"]
[TimeControl "3'+2\""]
[WhiteElo "1372"]
[BlackElo "1699"]

1. Nf3 {[%clk 00:03:03]} c5 {[%clk 00:03:04]} 2. g3 {[%clk 00:03:04]} {[%emt
00:00:02]} e6 {[%clk 00:03:05]} 3. Bg2 {[%clk 00:03:05]} d5 {[%clk 00:03:07]} 4.
d3 {[%clk 00:03:07]} Nc6 {[%clk 00:03:07]} {[%emt 00:00:01]} 5. O-O {[%clk
00:03:07]} {[%emt 00:00:01]} Nf6 {[%clk 00:03:08]} 6. Nbd2 {[%clk 00:03:09]}
{[%emt 00:00:01]} Bd6 {[%clk 00:03:09]} {[%emt 00:00:01]} 7. e4 {[%clk
00:03:10]} O-O {[%clk 00:03:05]} {[%emt 00:00:06]} 8. Re1 {[%clk 00:03:11]} Qc7
{[%clk 00:03:01]} {[%emt 00:00:07]} 9. b3 {[%clk 00:03:07]} {[%emt 00:00:06]}
b6 {[%clk 00:02:53]} {[%emt 00:00:10]} 10. Bb2 {[%clk 00:03:08]} {[%emt
00:00:01]} d4 {[%clk 00:02:55]} 11. Nc4 {[%clk 00:03:06]} {[%emt 00:00:04]} Be7
{[%clk 00:02:43]} {[%emt 00:00:13]} 12. Nh4 {[%clk 00:03:01]} {[%emt 00:00:08]}
Bb7 {[%clk 00:02:42]} {[%emt 00:00:03]} 13. f4 {[%clk 00:03:02]} {[%emt
00:00:01]} b5 {[%clk 00:02:37]} {[%emt 00:00:06]} 14. Nd2 {[%clk 00:03:00]}
{[%emt 00:00:04]} Rfd8 {[%clk 00:02:27]} {[%emt 00:00:13]} 15. Nhf3 {[%clk
00:03:00]} {[%emt 00:00:01]} Rac8 {[%clk 00:02:20]} {[%emt 00:00:10]} 16. e5
{[%clk 00:03:00]} {[%emt 00:00:02]} Nd5 {[%clk 00:02:21]} 17. Ne4 {[%clk
00:03:01]} {[%emt 00:00:01]} Ne3 {[%clk 00:02:22]} {[%emt 00:00:01]} 18. Qd2
{[%clk 00:03:00]} {[%emt 00:00:04]} c4 {[%clk 00:02:18]} {[%emt 00:00:06]} 19.
bxc4 {[%clk 00:02:25]} {[%emt 00:00:36]} bxc4 {[%clk 00:02:14]} {[%emt
00:00:06]} 20. dxc4 {[%clk 00:02:22]} {[%emt 00:00:06]} Bb4 {[%clk 00:02:14]}
{[%emt 00:00:02]} 21. c3 {[%clk 00:02:20]} {[%emt 00:00:03]} dxc3 {[%clk
00:02:16]} 22. Qxe3 {[%clk 00:02:13]} {[%emt 00:00:09]} cxb2 {[%clk 00:02:17]}
{[%emt 00:00:01]} 23. Rab1 {[%clk 00:02:11]} {[%emt 00:00:04]} Bxe1 {[%clk
00:02:18]} {[%emt 00:00:01]} 24. Qxe1 {[%clk 00:02:12]} Qb6+ {[%clk 00:02:18]}
{[%emt 00:00:02]} 25. c5 {[%clk 00:02:12]} {[%emt 00:00:02]} Qb4 {[%clk
00:01:51]} {[%emt 00:00:29]} 26. Qf2 {[%clk 00:02:09]} {[%emt 00:00:04]} Qxe4
{[%clk 00:01:49]} {[%emt 00:00:05]} 27. Rxb2 {[%clk 00:02:09]} {[%emt
00:00:02]} Na5 {[%clk 00:01:39]} {[%emt 00:00:11]} 28. Ng5 {[%clk 00:02:09]}
{[%emt 00:00:03]} Qxg2+ {[%clk 00:01:38]} {[%emt 00:00:03]} 29. Qxg2 {[%clk
00:02:10]} Bxg2 {[%clk 00:01:39]} {[%emt 00:00:01]} 30. Kxg2 {[%clk 00:02:10]}
{[%emt 00:00:02]} Rxc5 {[%clk 00:01:37]} {[%emt 00:00:04]} 31. Kf3 {[%clk
00:02:10]} {[%emt 00:00:02]} Rc4 {[%clk 00:01:30]} {[%emt 00:00:08]} 32. Rb5
{[%clk 00:02:08]} {[%emt 00:00:04]} Nc6 {[%clk 00:01:25]} {[%emt 00:00:07]} 33.
Rb7 {[%clk 00:02:09]} Rb8 {[%clk 00:01:24]} {[%emt 00:00:03]} 34. Rxf7 {[%clk
00:02:09]} {[%emt 00:00:02]} h6 {[%clk 00:01:22]} {[%emt 00:00:04]} 35. Rd7
{[%clk 00:01:58]} {[%emt 00:00:13]} hxg5 {[%clk 00:01:23]} {[%emt 00:00:01]} 36.
fxg5 {[%clk 00:02:00]} Nxe5+ {[%emt 00:00:03]} 0-1